000
00291nam a2200121 a 4500
005
20141022142007.0
008
100914s19uu xx 00 eng d
050
_a
ACD
_b
Bl59 2002
100
_a
Blanchard, Ken
245
_a
Lead like Jesus.
260
_b
Magna Vision,
_c
2002.
942
_c
AVM
999
_c
276556
_d
276556